| 000 | 01034nas a2200289 4500 | ||
|---|---|---|---|
| 001 | BR8301326 | ||
| 003 | BR-BrBNA | ||
| 005 | 20231205085455.0 | ||
| 007 | ta | ||
| 008 | 230509b bl.|||p| |||| 00| 00por d | ||
| 040 |
_aBR-BrBNA _bpor _cBiblioteca Nacional de Agricultura |
||
| 041 | _a(Pt) | ||
| 072 | _aH20 | ||
| 100 | 1 | _aCampelo, A.M.F.L. | |
| 100 | 1 | _aLuz, E.D.M.N. | |
| 100 | 1 | _aResnik, F.C.Z. de | |
| 245 | 1 | _aPodridao parda do cacaueiro no estado da Bahia, Brasil, 1: virulencia das especies de Phytophthora [fungo, Phytophthora palmivora, Theobroma cacao] | |
| 246 | 1 | _aBrown rot of cocoa plant in the State of Bahia, Brazil, 1: virulence of Phytophthora spp. [fungus, Phytophthora palmivora, Theobroma cacao] | |
| 650 | _aCACAU | ||
| 650 | _aPODRIDAO PARDA | ||
| 650 | _aFUNGO | ||
| 650 | _aBAHIA | ||
| 773 | 0 |
_tRevista Theobroma (Brazil) _xISSN 0370-7962 _g(Jan 1982), v. 12(1) p. 1-6 _wBR8301326 |
|
| 856 | 4 | 0 | _dLink DSPACE/MAPA BR8301326 |
| 909 |
_a202311 _bLúcia _c55 _dLúcia Elande |
||
| 942 |
_2AGRIS _n0 _cANA |
||
| 999 |
_c111666 _d111666 |
||